[Event "Fall Server Series, S91132"]
[Site "CCLA"]
[Date "2019.11.23"]
[Round "?"]
[White "Thommen, John"]
[Black "Catania, Duane"]
[Result "1-0"]
[WhiteElo "1839"]
[BlackElo "1623"]

1. d4 e6 2. c4 b6 3. Nf3 Bb7 4. Nc3 Bb4 5. e3 f5 6. Bd3 Nf6 7. Bd2 O-O 8. 
O-O Bxc3 9. Bxc3 Ne4 10. Be1 Qe8 11. Nd2 Qg6 12. f3 Nf6 13. Bg3 Nc6 14. 
Bxc7 d5 15. Bg3 Rae8 16. Qc2 Nb4 17. Qb3 Nxd3 18. Qxd3 Nh5 19. Bd6 Rf7 20.
 Rac1 Nf6 21. c5 bxc5 22. dxc5 e5 23. c6 Bc8 24. Qb5 Kh8 25. c7 Rd7 26. 
Qc6 Re6 27. Qa8 Qe8 28. Ba3 d4 29. e4 g6 30. Qxa7 Kg7 31. exf5 gxf5 32. 
Nb3 Ra6 33. Qb8 Nd5 34. Nc5 Rb6 35. Nxd7 Qxd7 36. Rc5 Rc6 37. Rxc6 Qxc6 
38. Qxc8 d3 39. Qf8+ Kg6 40. c8=Q 1-0

[Event "Fall Server Series, S91132"]
[Site "CCLA"]
[Date "2019.11.23"]
[Round "?"]
[White "Thommen, John"]
[Black "McLaughlin, Ed"]
[Result "1-0"]
[WhiteElo "1839"]
[BlackElo "1589"]

1. d4 f5 2. Nf3 Nf6 3. c4 b6 4. e3 Bb7 5. Be2 e6 6. Nc3 c5 7. O-O Nc6 8. 
a3 Ne4 9. d5 Nxc3 10. bxc3 Ne7 11. dxe6 dxe6 12. Ng5 Qc8 13. Qd6 Nd5 14. 
Bh5+ g6 15. Qe5 Rg8 16. Bf3 Bg7 17. Qxe6+ Qxe6 18. Nxe6 Bxc3 19. Ra2 Nb4 
20. Bxb7 Nxa2 21. Bxa8 Kd7 22. Bd5 Re8 23. Nf4 Kd6 24. Rd1 Ke5 25. Ne2 Rd8
26. Nxc3 Nxc3 27. Bb2 1-0

[Event "Fall Server Series, S91132"]
[Site "CCLA"]
[Date "2019.11.23"]
[Round "?"]
[White "Anderson, Clarence"]
[Black "Thommen, John"]
[Result "0-1"]
[WhiteElo "1871"]
[BlackElo "1839"]

1. d4 Nf6 2. Nf3 d6 3. g3 g6 4. Bg2 Bg7 5. O-O O-O 6. c4 Nbd7 7. Nc3 c6 8.
 e4 e5 9. h3 exd4 10. Nxd4 Re8 11. Be3 Nc5 12. Qc2 Qe7 13. Rfe1 Be6 14. 
Nxe6 Nxe6 15. Rad1 Nd7 16. Qd2 Ne5 17. b3 Nc5 18. Bxc5 dxc5 19. Qe3 Rad8 
20. Na4 Rxd1 21. Rxd1 Nd7 22. Qd2 Bd4 23. b4 Rd8 24. bxc5 Nxc5 25. Nxc5 
Qxc5 26. Rc1 b5 27. Bf1 b4 28. Kg2 a5 29. Rb1 Bf6 30. Qc2 Qe7 31. Bd3 c5 
32. Rd1 {White withdrew"} 0-1

[Event "Fall Server Series, S91132"]
[Site "CCLA"]
[Date "2019.11.23"]
[Round "?"]
[White "Anderson, Clarence"]
[Black "Catania, Duane"]
[Result "1-0"]
[WhiteElo "1871"]
[BlackElo "1623"]

1. d4 e6 2. Nf3 b6 3. e4 Bb7 4. Bd3 Be7 5. O-O d6 6. c4 Nd7 7. Nc3 a6 8. 
Re1 Ngf6 9. Qe2 O-O 10. Bg5 e5 11. Rad1 exd4 12. Nxd4 Ne5 13. Bc2 Re8 14. 
Nd5 Bxd5 15. cxd5 h6 16. Bh4 Nfd7 17. Bg3 g6 18. f4 Bf6 19. fxe5 Bxe5 20. 
Nc6 Qg5 21. Bxe5 Nxe5 22. Nxe5 Qxe5 23. Bd3 Re7 24. Bxa6 Rae8 25. Bb5 Ra8 
26. a4 Kg7 27. Qd2 1-0

[Event "Fall Server Series, S91132"]
[Site "CCLA"]
[Date "2019.11.23"]
[Round "?"]
[White "Anderson, Clarence"]
[Black "McLaughlin, Ed"]
[Result "1-0"]
[WhiteElo "1871"]
[BlackElo "1589"]

1. d4 f5 2. g3 Nf6 3. Bg2 e6 4. c4 d5 5. Nh3 c6 6. O-O Be7 7. b3 O-O 8. 
Bb2 Ne4 9. Nd2 Nd7 10. Nf4 Ndf6 11. Nf3 Qe8 12. Ne5 g5 13. Nfd3 Qh5 14. f3
Nd6 15. Qd2 Nf7 16. Rae1 Bd7 17. Nxd7 Nxd7 18. cxd5 cxd5 19. e4 Bf6 20. 
exf5 Bxd4+ 21. Bxd4 1-0

[Event "Fall Server Series, S91132"]
[Site "CCLA"]
[Date "2019.11.23"]
[Round "?"]
[White "Catania, Duane"]
[Black "Thommen, John"]
[Result "0-1"]
[WhiteElo "1623"]
[BlackElo "1839"]

1. e4 Nf6 2. e5 Nd5 3. c4 Nb6 4. d4 d6 5. Nf3 Bg4 6. Be2 e6 7. O-O Be7 8. 
Qb3 dxe5 9. dxe5 Nc6 10. Rd1 Qc8 11. Bf4 O-O 12. Nc3 Na5 13. Qc2 Naxc4 14.
 b3 Bf5 15. Bd3 Bxd3 16. Rxd3 Na3 17. Qb2 Rd8 18. Rad1 Rxd3 19. Rxd3 Qe8 
20. h3 Nb5 21. Ne4 Qc6 22. Ned2 Nd5 23. Bg3 Ba3 24. Qb1 Nbc3 25. Qe1 Nxa2 
26. Nc4 Bb4 27. Qe4 Nac3 28. Qh4 a5 29. Nd4 Qa6 30. f4 a4 31. f5 a3 32. 
fxe6 fxe6 33. Qg4 Bc5 34. Bf2 Bxd4 35. Bxd4 a2 36. Bxc3 a1=Q+ 37. Bxa1 
Qxa1+ 38. Rd1 Qa7+ 39. Kh2 Re8 40. Rf1 b5 41. Qf3 Qa8 42. Qf7+ Kh8 43. Nd2
h6 44. Qd7 Ne3 45. Rf2 Rf8 46. Nf3 Qa7 47. Qe7 Rg8 48. Qxe6 Ng4+ 49. Qxg4 
Qxf2 50. Qe4 Qb6 51. Qd5 c5 52. Nh4 g6 53. Qf7 Rg7 54. Qe8+ Kh7 55. Nf3 c4
56. bxc4 bxc4 57. e6 Qd6+ 58. Kh1 Re7 59. Qa4 Qxe6 60. Qc2 Qe2 61. Qa4 c3 
62. Nd4 Qf1+ 0-1

[Event "Fall Server Series, S91132"]
[Site "CCLA"]
[Date "2019.11.23"]
[Round "?"]
[White "Catania, Duane"]
[Black "Anderson, Clarence"]
[Result "0-1"]
[WhiteElo "1623"]
[BlackElo "1871"]

1. d4 Nf6 2. Nf3 g6 3. Bg5 Bg7 4. e3 O-O 5. c4 d6 6. Nc3 Nbd7 7. Be2 e5 8.
 O-O h6 9. Bh4 g5 10. Bg3 Nh5 11. Bd3 f5 12. dxe5 dxe5 13. Nxe5 Nxg3 14. 
Nxd7 Nxf1 15. Nxf8 Nxe3 16. fxe3 Bxf8 17. Qe2 Be6 18. Rd1 Qf6 19. Nd5 Qf7 
20. e4 f4 21. e5 Bg7 22. Qe4 Bh8 23. Re1 Re8 24. Nf6+ Bxf6 25. exf6 Bd7 
26. Qxe8+ Bxe8 27. Re7 Qxf6 28. Rxe8+ Kf7 0-1

[Event "Fall Server Series, S91132"]
[Site "CCLA"]
[Date "2019.11.23"]
[Round "?"]
[White "McLaughlin, Ed"]
[Black "Thommen, John"]
[Result "0-1"]
[WhiteElo "1589"]
[BlackElo "1839"]

1. d4 Nf6 2. e3 d5 3. Bd3 Nc6 4. f4 Nb4 5. Bb5+ Bd7 6. Bxd7+ Qxd7 7. Nf3 
Qf5 8. Na3 h6 9. Bd2 Nc6 10. O-O Ne4 11. Nb5 O-O-O 12. Be1 e6 13. Ne5 Kb8 
14. Nxc6+ bxc6 15. Nxc7 Kxc7 16. Ba5+ Kd7 17. Bxd8 Kxd8 18. c3 Bd6 19. Qa4
Kd7 20. Qxa7+ Bc7 21. Qa4 Rb8 22. Qc2 Nd6 23. Qe2 Qe4 24. b3 g5 25. fxg5 
hxg5 26. Rf3 Rh8 27. Raf1 Nf5 28. a4 Bxh2+ 29. Kf2 g4 0-1

[Event "Fall Server Series, S91132"]
[Site "CCLA"]
[Date "2019.11.23"]
[Round "?"]
[White "McLaughlin, Ed"]
[Black "Anderson, Clarence"]
[Result "0-1"]
[WhiteElo "1589"]
[BlackElo "1871"]

1. d4 Nf6 2. e3 g6 3. Nd2 Bg7 4. Bc4 O-O 5. Ngf3 d5 6. Bb3 c5 7. c3 Nc6 8.
 O-O b6 9. Re1 Bb7 10. Bc2 Qc7 11. e4 dxe4 12. Nxe4 cxd4 13. Nxd4 Nxd4 14.
 Nxf6+ Bxf6 15. cxd4 Rfd8 16. Be3 Rac8 17. Rc1 Qc6 18. f3 Qb5 19. b3 e5 
20. Qd2 exd4 21. Bf2 Qg5 0-1

[Event "Fall Server Series, S91132"]
[Site "CCLA"]
[Date "2019.11.23"]
[Round "?"]
[White "McLaughlin, Ed"]
[Black "Catania, Duane"]
[Result "0-1"]
[WhiteElo "1589"]
[BlackElo "1623"]

1. d4 e6 2. e3 b6 3. f4 Nf6 4. Bd3 Bb7 5. Nf3 Be7 6. O-O O-O 7. Nbd2 d6 8.
 e4 Nbd7 9. c4 d5 10. cxd5 exd5 11. e5 Ne4 12. Qc2 f5 13. a3 c5 14. e6 
Ndf6 15. Ne5 cxd4 16. Ndf3 Rc8 17. Qa4 a5 18. Nxd4 Nc5 19. Qd1 Nxd3 20. 
Qxd3 Ne4 21. Nf7 Rxf7 22. exf7+ Kxf7 23. Nxf5 Bf6 24. Rb1 Qd7 25. Ng3 Nc5 
26. Qf5 Qc6 27. Qxh7 d4 28. Qh5+ Kg8 29. Qe2 d3 30. Qf2 Bd4 31. Be3 Bxe3 
32. Qxe3 Qxg2# 0-1

[Event "Fall Server Series, S91133"]
[Site "CCLA"]
[Date "2019.11.23"]
[Round "?"]
[White "Anderson II, Dale"]
[Black "Mann, Wallace"]
[Result "1/2-1/2"]
[WhiteElo "1670"]
[BlackElo "1610"]

1. e4 d5 2. exd5 Nf6 3. d4 Bg4 4. f3 Bf5 5. g4 Bg6 6. c4 e6 7. Nc3 h6 8. 
dxe6 Nxg4 9. exf7+ Kxf7 10. fxg4 Qh4+ 11. Kd2 Qg5+ 12. Ke1 Qh4+ 13. Kd2 
Qg5+ 1/2-1/2

[Event "Fall Server Series, S91133"]
[Site "CCLA"]
[Date "2019.11.23"]
[Round "?"]
[White "Anderson II, Dale"]
[Black "Smail, John"]
[Result "0-1"]
[WhiteElo "1670"]
[BlackElo "1696"]

1. e4 g6 2. d4 Bg7 3. Nc3 d6 4. f4 a6 5. Nf3 b5 6. h3 Nd7 7. Bd3 c5 8. Be3
c4 9. Be2 Bb7 10. a3 Rc8 11. Qd2 Ngf6 12. e5 Ne4 13. Nxe4 Bxe4 14. Kf2 h6 
15. a4 d5 16. axb5 axb5 17. Ra7 Nb8 18. Rha1 Nc6 19. R7a6 e6 20. h4 Bf8 
21. c3 Be7 22. g3 b4 23. Rh1 bxc3 24. bxc3 Na5 25. Qa2 Nb3 26. Qa4+ Kf8 
27. Ra7 Kg7 28. Rd7 Qe8 29. Ra7 Qxa4 30. Rxa4 Ra8 31. Rxa8 Rxa8 32. h5 Ra2
33. hxg6 Bxg6 34. f5 Bxf5 35. Bxh6+ Kg6 36. Bf4 Bd3 37. Re1 Rc2 38. Ke3 
Rxc3 39. Bxd3+ Rxd3+ 40. Ke2 Nxd4+ 41. Nxd4 Rxd4 0-1

[Event "Fall Server Series, S91133"]
[Site "CCLA"]
[Date "2019.11.23"]
[Round "?"]
[White "Anderson II, Dale"]
[Black "Weimer, Dennis"]
[Result "1-0"]
[WhiteElo "1670"]
[BlackElo "1582"]

1. e4 c5 2. Nf3 d6 3. d4 cxd4 4. Nxd4 Nf6 5. Nc3 a6 6. Bg5 e6 7. f4 Qb6 8.
 Qd2 Qxb2 9. Rb1 Qa3 10. f5 Nc6 11. fxe6 fxe6 12. Nxc6 bxc6 13. e5 dxe5 
14. Bxf6 gxf6 15. Ne4 Be7 16. Be2 h5 17. Rf1 f5 18. Rf3 Qxa2 19. Rfb3 fxe4
20. Qc3 Qa4 21. Qxe5 Bh4+ 22. g3 Bf6 23. Qxf6 Qa5+ 24. c3 Rf8 25. Qg6+ Kd8
26. Rd1+ Ke7 27. Bxh5 Qf5 28. Qg7+ Rf7 29. Bxf7 Qxf7 30. Qxf7+ Kxf7 31. 
Rd8 Ke7 32. Rh8 Kd7 33. h4 Ke7 34. h5 Kf7 35. g4 1-0

[Event "Fall Server Series, S91133"]
[Site "CCLA"]
[Date "2019.11.23"]
[Round "?"]
[White "Mann, Wallace"]
[Black "Anderson II, Dale"]
[Result "1/2-1/2"]
[WhiteElo "1610"]
[BlackElo "1670"]

1. e4 c6 2. c4 d5 3. exd5 cxd5 4. cxd5 Nf6 5. Nc3 Nxd5 6. Nf3 Nc6 7. Bb5 
e6 8. O-O Be7 9. d4 O-O 10. Re1 Bf6 11. Ne4 Bd7 12. Bd3 Nce7 13. Ne5 Ng6 
14. Nc5 Bc6 15. Nxg6 hxg6 16. Bf1 Nc7 17. Be3 Qd5 18. Qb3 Qxb3 19. Nxb3 
Rfd8 20. f3 Nd5 21. Bf2 Rac8 22. Bc4 b6 23. Rac1 Bg5 24. Rcd1 Bf4 25. g3 
Bd6 26. Nd2 b5 27. Bb3 Nb4 28. Ne4 Be7 29. Kg2 Bd5 30. Nc5 Bxc5 31. dxc5 
Nxa2 32. Bxa2 Bxa2 33. b4 Rxd1 34. Rxd1 Bd5 35. Ra1 Rc7 36. g4 f6 37. Ra6 
Rc8 38. Rxa7 Ra8 39. Rxa8+ Bxa8 40. Be3 Kf7 1/2-1/2

[Event "Fall Server Series, S91133"]
[Site "CCLA"]
[Date "2019.11.23"]
[Round "?"]
[White "Mann, Wallace"]
[Black "Smail, John"]
[Result "0-1"]
[WhiteElo "1610"]
[BlackElo "1696"]

1. e4 e6 2. d4 d5 3. e5 c5 4. Qg4 Qa5+ 5. c3 cxd4 6. Nf3 Nc6 7. Bd3 dxc3 
8. bxc3 d4 9. O-O dxc3 10. Na3 h5 11. Qg5 Qd8 12. Qe3 Nge7 13. Nc2 Nd5 14.
 Qe4 Bd7 15. Ne3 Ncb4 16. Bc4 Bc6 17. Nd4 Nxe3 18. Nxc6 bxc6 19. fxe3 Nd5 
20. Qf3 Qc7 21. e4 Bc5+ 22. Kh1 Nb6 23. Qxc3 Nxc4 24. Qxc4 Bb6 25. Ba3 Rd8
26. Rad1 c5 27. Rxd8+ Kxd8 28. Rd1+ Ke7 29. Qc3 Rd8 30. Rf1 Kf8 31. h3 Kg8
32. Qf3 g6 33. Qf6 Rd7 34. Bc1 Qd8 35. Qf4 Qf8 36. Qg3 c4 37. Bg5 Bd8 38. 
Bf6 Bxf6 39. exf6 Qd6 40. Qg5 Kh7 0-1

[Event "Fall Server Series, S91133"]
[Site "CCLA"]
[Date "2019.11.23"]
[Round "?"]
[White "Mann, Wallace"]
[Black "Weimer, Dennis"]
[Result "0-1"]
[WhiteElo "1610"]
[BlackElo "1582"]

1. e4 c6 2. d4 d5 3. e5 Bf5 4. Nf3 e6 5. Be2 Nd7 6. O-O h6 7. b3 Ne7 8. c4
Ng6 9. h3 Be7 10. Be3 O-O 11. Nh2 Nh4 12. Nd2 f6 13. Bg4 fxe5 14. dxe5 
Nxe5 15. f4 Nxg4 16. hxg4 Bd3 17. Re1 Ng6 18. g3 a6 19. Bf2 Bf6 20. Re3 
Bxa1 21. Rxd3 Bf6 22. Ne4 Qc7 23. Nc5 Rfe8 24. cxd5 exd5 25. Qc2 Nf8 26. 
Rd2 Nd7 27. Nf3 Nxc5 28. Bxc5 Qd7 29. Qg6 Qf7 30. Qf5 Bc3 31. Qxf7+ Kxf7 
32. Rd3 Be1 33. Ne5+ Rxe5 34. fxe5 Ke6 35. a3 Ba5 36. b4 Bc7 37. Re3 Re8 
38. Bd4 Kd7 39. Kg2 b6 40. e6+ Rxe6 41. Rxe6 Kxe6 42. Bxg7 Be5 43. Bxh6 
Bb2 44. Bf8 b5 0-1

[Event "Fall Server Series, S91133"]
[Site "CCLA"]
[Date "2019.11.23"]
[Round "?"]
[White "Smail, John"]
[Black "Anderson II, Dale"]
[Result "1-0"]
[WhiteElo "1696"]
[BlackElo "1670"]

1. d4 Nf6 2. Bg5 Ne4 3. Bf4 d5 4. f3 Nd6 5. Nc3 e6 6. e4 c6 7. Bd3 b5 8. 
Nge2 Be7 9. Qd2 O-O 10. O-O Nd7 11. a3 f5 12. Bxd6 Bxd6 13. e5 Be7 14. Nf4
Nb6 15. Nd1 Nc4 16. Qc1 Bd7 17. b3 Nb6 18. g3 Qe8 19. Ne3 Kh8 20. h4 Qf7 
21. Kf2 c5 22. c3 Rac8 23. Qd2 cxd4 24. cxd4 g5 25. hxg5 Bxg5 26. Nh3 Bh6 
27. Qa5 Rc7 28. Rh1 Rg8 29. Nf4 Bxf4 30. gxf4 Qe8 31. Ng4 Rg7 32. Nf6 Qf7 
33. Rag1 Rxg1 34. Rxg1 Bc6 35. Qb4 Bd7 36. Qe7 1-0

[Event "Fall Server Series, S91133"]
[Site "CCLA"]
[Date "2019.11.23"]
[Round "?"]
[White "Smail, John"]
[Black "Mann, Wallace"]
[Result "0-1"]
[WhiteElo "1696"]
[BlackElo "1610"]

1. d4 Nf6 2. Bg5 Ne4 3. Bf4 c5 4. d5 b6 5. Qd3 Nf6 6. c4 d6 7. Nc3 g6 8. 
e4 Bg7 9. Be2 O-O 10. O-O-O Na6 11. a3 Nc7 12. e5 Ng4 13. Bxg4 Bxg4 14. 
exd6 exd6 15. f3 Bc8 16. Nge2 Re8 17. g4 b5 18. b3 bxc4 19. bxc4 Rb8 20. 
Kc2 Rxe2+ 21. Qxe2 Bxc3 22. Rb1 Rxb1 23. Rxb1 Bg7 24. Rb8 Bf5+ 0-1

[Event "Fall Server Series, S91133"]
[Site "CCLA"]
[Date "2019.11.23"]
[Round "?"]
[White "Smail, John"]
[Black "Weimer, Dennis"]
[Result "1-0"]
[WhiteElo "1696"]
[BlackElo "1582"]

1. Nf3 g6 2. d4 Bg7 3. Nc3 d6 4. e4 a6 5. Be3 b5 6. Qd2 Bb7 7. Bd3 Nd7 8. 
a4 b4 9. Ne2 c5 10. c3 Ngf6 11. e5 dxe5 12. dxe5 Ng4 13. e6 fxe6 14. Ng5 
Nde5 15. Nf4 Nxe3 16. Qxe3 Qb6 17. O-O Ng4 18. Qxe6 Qxe6 19. Nfxe6 Bf6 20.
 Nxh7 Ne5 21. Nxf6+ exf6 22. Nxc5 Nxd3 23. Nxd3 a5 24. Rfe1+ Kf7 25. cxb4 
axb4 26. Nxb4 Rh4 27. Nc2 Rhxa4 28. Rxa4 Rxa4 29. f3 Ra2 30. Rb1 Bc8 31. 
Ne3 Be6 32. b4 Re2 33. Nf1 Bc4 34. Ng3 Rc2 35. Ne4 Ke7 36. Re1 f5 37. Nd2+
Kd7 38. Nxc4 Rxc4 39. Rb1 Rc8 40. b5 Rb8 41. f4 Kd6 42. b6 Kc6 43. b7 Rxb7
44. Rxb7 Kxb7 45. Kf2 Kc6 46. Kg3 Kd6 47. Kh4 Ke6 48. Kg5 Kf7 49. h3 Kg7 
50. g4 1-0

[Event "Fall Server Series, S91133"]
[Site "CCLA"]
[Date "2019.11.23"]
[Round "?"]
[White "Weimer, Dennis"]
[Black "Anderson II, Dale"]
[Result "1-0"]
[WhiteElo "1582"]
[BlackElo "1670"]

1. Nf3 d5 2. g3 g6 3. Bg2 Bg7 4. O-O e5 5. d3 Ne7 6. e4 O-O 7. exd5 Nxd5 
8. Re1 Nc6 9. Nc3 Nde7 10. Rb1 a5 11. a3 Nf5 12. Bg5 f6 13. Bd2 Be6 14. b4
axb4 15. axb4 Qd7 16. b5 Nce7 17. Ne4 b6 18. Bb4 Rfe8 19. c4 Rad8 20. g4 
Nd4 21. h3 Nxf3+ 22. Qxf3 Rf8 23. Ng3 Rfe8 24. Ne4 Rf8 25. Rbd1 f5 26. 
gxf5 Rxf5 27. Qg3 Rh5 28. Bxe7 Qxe7 29. Bf3 Rf5 30. Bg4 Rf4 31. Bxe6+ Qxe6
32. f3 Rdf8 33. Ng5 Qf5 34. Re3 Bh6 35. Ne4 Rxf3 36. Rxf3 Qxf3 37. Qxf3 
Rxf3 38. Kg2 Rf8 39. Ra1 Rf7 40. Ra8+ Kg7 41. Re8 Bf4 42. Re6 Rf8 43. Rc6 
Rf7 44. Kf2 Bg5+ 45. Ke2 Kh6 46. Re6 Re7 47. Nxg5 1-0

[Event "Fall Server Series, S91133"]
[Site "CCLA"]
[Date "2019.11.23"]
[Round "?"]
[White "Weimer, Dennis"]
[Black "Mann, Wallace"]
[Result "1/2-1/2"]
[WhiteElo "1582"]
[BlackElo "1610"]

1. d4 Nf6 2. c4 e6 3. Nc3 Bb4 4. Qc2 O-O 5. e4 d6 6. e5 dxe5 7. dxe5 Ng4 
8. Nf3 Nc6 9. Bf4 Nd4 10. Qd2 Nxf3+ 11. gxf3 Qxd2+ 12. Kxd2 Nh6 13. Bd3 
Rd8 14. Ke2 Rxd3 15. Kxd3 Nf5 16. Ne4 Bd7 17. b3 Bc6 18. Ke2 Nd4+ 19. Kd3 
Rd8 20. Rad1 Rd7 21. Ke3 Nf5+ 22. Ke2 Nd4+ 23. Ke3 Nf5+ 24. Ke2 Nd4+ 25. 
Ke3 Nf5+ 1/2-1/2

[Event "Fall Server Series, S91133"]
[Site "CCLA"]
[Date "2019.11.23"]
[Round "?"]
[White "Weimer, Dennis"]
[Black "Smail, John"]
[Result "1/2-1/2"]
[WhiteElo "1582"]
[BlackElo "1696"]

1. c4 e5 2. g3 f5 3. Bg2 Nf6 4. Nc3 c6 5. d4 e4 6. d5 b5 7. dxc6 bxc4 8. 
cxd7+ Nbxd7 9. Nh3 Bb4 10. Bd2 O-O 11. O-O Bb7 12. Nf4 Re8 13. Nxe4 fxe4 
14. Bxb4 a5 15. Bc3 Qc7 16. Qd4 Rad8 17. Bh3 Nf8 18. Qe3 Nd5 19. Nxd5 Rxd5
20. Bg2 Qd8 21. Bxe4 Rd7 22. f3 Bxe4 23. fxe4 Ne6 24. b3 Nd4 25. Bxd4 Rxd4
26. Rf4 cxb3 27. Qxb3+ Kh8 28. Raf1 Rdxe4 29. Rxe4 Rxe4 30. Qf7 Re8 31. 
Rf2 Rg8 32. Qf5 h6 33. Qh5 Qb6 34. Kg2 Qc6+ 35. Qf3 Qc4 36. Qf7 Qe4+ 37. 
Qf3 Qc4 38. Qb3 Qe4+ 39. Qf3 Qe6 40. Qf7 Qe4+ 1/2-1/2

[Event "CCLA Fall Server Series, S91134"]
[Site "CCLA"]
[Date "2019.11.23"]
[Round "?"]
[White "Gunning, Edward E."]
[Black "Graupera, Carlos"]
[Result "0-1"]
[WhiteElo "1536"]
[BlackElo "1411"]

1. e4 c5 2. Nc3 e6 3. Nf3 Nc6 4. d4 cxd4 5. Nxd4 Qc7 6. Ncb5 Qb8 7. g3 a6 
8. Nxc6 bxc6 9. Nc3 d5 10. exd5 cxd5 11. b3 Nf6 12. Bg2 Bb4 13. Bd2 Qc7 
14. Ne2 Bxd2+ 15. Qxd2 Bb7 16. f3 O-O 17. O-O Rac8 18. Rac1 e5 19. f4 Qb6+
20. Kh1 e4 21. Nd4 Rfe8 22. Bh3 Rc7 23. Qe3 Bc8 24. f5 Qa5 25. a4 Rc3 26. 
Qe2 h6 27. Bg4 Qc5 28. Rfd1 e3 29. Kg2 Ne4 30. Rd3 Rxd3 31. Qxd3 Nf2 32. 
Qe2 Qxd4 33. Bf3 Bxf5 34. Rf1 Bh3+ 0-1

[Event "CCLA Fall Server Series, S91134"]
[Site "CCLA"]
[Date "2019.11.23"]
[Round "?"]
[White "Gunning, Edward E."]
[Black "Berger, Byron"]
[Result "1-0"]
[WhiteElo "1536"]
[BlackElo "1328"]

1. e4 e5 2. Nf3 Nf6 3. Nc3 Nc6 4. d4 exd4 5. Nd5 Nxd5 6. exd5 Bb4+ 7. Bd2 
Qe7+ 8. Be2 Bxd2+ 9. Qxd2 Qe4 10. dxc6 O-O 11. O-O Qxc6 12. Nxd4 1-0

[Event "CCLA Fall Server Series, S91134"]
[Site "CCLA"]
[Date "2019.11.23"]
[Round "?"]
[White "Gunning, Edward E."]
[Black "Williams, Rufus H."]
[Result "1-0"]
[WhiteElo "1536"]
[BlackElo "1298"]

1. e4 e5 2. Nc3 Nf6 3. Nf3 Nc6 4. d4 Nxd4 5. Nxd4 Bb4 6. Nf5 O-O 7. f3 d6 
8. Bd2 c6 9. a3 Bc5 10. Bd3 b6 11. Ne3 Be6 12. O-O a6 13. Kh1 b5 14. f4 
Bc4 15. Bxc4 bxc4 16. Nxc4 exf4 17. Bxf4 Re8 18. e5 Nd5 19. Qf3 Nxc3 20. 
Qxc3 d5 21. Ne3 Bxe3 22. Bxe3 Qd7 23. Rf3 Rab8 24. b4 Qc8 25. Raf1 Rb7 26.
 Rg3 Re6 27. Bg5 Ra7 28. Bf6 1-0

[Event "CCLA Fall Server Series, S91134"]
[Site "CCLA"]
[Date "2019.11.23"]
[Round "?"]
[White "Graupera, Carlos"]
[Black "Gunning, Edward E."]
[Result "1/2-1/2"]
[WhiteElo "1411"]
[BlackElo "1536"]

1. e4 e5 2. Nf3 Nc6 3. d4 exd4 4. Nxd4 Nxd4 5. Qxd4 d6 6. Nc3 c5 7. Qd1 
Be7 8. Bc4 Nf6 9. O-O O-O 10. f4 Bg4 11. Qe1 Nh5 12. Nd5 g6 13. f5 Bh4 14.
 Qc3 Bf6 15. Nxf6+ Nxf6 16. Bg5 Kg7 17. h3 h6 18. Bxf6+ Qxf6 19. Qxf6+ 
Kxf6 20. hxg4 g5 21. Bd5 Rab8 22. Rad1 b5 23. Rf3 b4 24. b3 a5 25. c4 bxc3
26. Rxc3 Rb6 27. Kf2 Ke5 28. Ke3 Kf6 29. g3 Kg7 30. Rc4 f6 31. Rc2 Rh8 32.
 Rcd2 Rd8 33. Bc4 Kf8 34. Rd5 Ke7 35. Rh1 Rh8 36. Rd2 Kf8 37. Rdh2 Kg7 38.
 Be6 Ra6 39. a4 Rb6 40. Kd3 Rb7 41. Kc4 Rb4+ 42. Kc3 Rxe4 43. Rd2 1/2-1/2

[Event "CCLA Fall Server Series, S91134"]
[Site "CCLA"]
[Date "2019.11.23"]
[Round "?"]
[White "Graupera, Carlos"]
[Black "Berger, Byron"]
[Result "1-0"]
[WhiteElo "1411"]
[BlackElo "1328"]

1. e4 e5 2. Nf3 Nf6 3. Nc3 Nc6 4. Nxe5 Nxe5 5. d4 Ng6 6. e5 Ng8 7. Bc4 Bb4
8. Qf3 Qe7 9. O-O Bxc3 10. bxc3 d6 11. Ba3 Be6 12. exd6 cxd6 13. Rfe1 Qd7 
14. d5 Ne5 15. Rxe5 dxe5 16. dxe6 fxe6 17. Qf8# 1-0

[Event "CCLA Fall Server Series, S91134"]
[Site "CCLA"]
[Date "2019.11.23"]
[Round "?"]
[White "Graupera, Carlos"]
[Black "Williams, Rufus H."]
[Result "1-0"]
[WhiteElo "1411"]
[BlackElo "1298"]

1. e4 e5 2. Nf3 Nc6 3. d4 d6 4. dxe5 dxe5 5. Qxd8+ Kxd8 6. Bc4 Be6 7. Bxe6
fxe6 8. Nc3 Be7 9. Be3 Ke8 10. O-O-O a6 11. Rd2 h6 12. Rhd1 Nf6 13. h3 Kf7
14. Ne1 b5 15. Nd3 Rhd8 16. Nc5 g5 17. Rxd8 Bxd8 18. Nd7 Nxd7 19. Rxd7+ 
Kg6 20. Kb1 Ne7 21. Ne2 Kf6 22. Nc1 c6 23. Nd3 a5 24. Nc5 a4 25. Rd6 Bb6 
26. Nxe6 Bxe3 27. fxe3 Kf7 28. Kc1 Rc8 29. Nc5 h5 30. Kd2 h4 31. Ne6 b4 
32. Nxg5+ Kg8 33. Nf3 c5 34. Nxh4 c4 35. Nf5 Nxf5 36. exf5 b3 37. axb3 
axb3 38. c3 e4 39. Rd4 Ra8 40. Rxc4 Rf8 41. Rxe4 Rxf5 42. Rg4+ Kh7 43. Ke2
Rf6 44. e4 Ra6 45. e5 Ra2 46. e6 Rxb2+ 47. Kd3 Ra2 48. e7 Ra8 49. Re4 Re8 
50. Rb4 Rxe7 51. Rxb3 Re1 52. Rb2 Kh6 53. Rd2 Kh5 54. c4 Kh4 55. c5 Re6 
56. Kc4 Rf6 57. Kb5 Rf5 58. Kc6 Rf6+ 59. Rd6 Rf7 60. Rd7 Rf6+ 61. Kc7 Rf2 
62. Rg7 Rc2 63. c6 Rc1 64. Rd7 Rc2 65. Rg7 Rc1 66. Kb7 Rb1+ 67. Kc8 Ra1 
68. Rb7 Rf1 69. Rb4+ Kg3 70. Rd4 Rf8+ 71. Rd8 Rf7 72. c7 Kxg2 73. Kb8 Rxc7
74. Kxc7 Kxh3 75. Rg8 1-0

[Event "CCLA Fall Server Series, S91134"]
[Site "CCLA"]
[Date "2019.11.23"]
[Round "?"]
[White "Berger, Byron"]
[Black "Gunning, Edward E."]
[Result "0-1"]
[WhiteElo "1328"]
[BlackElo "1536"]

1. Nc3 e5 2. Nf3 Nc6 3. d4 f6 4. dxe5 fxe5 5. e4 Nf6 6. Bg5 h6 7. Bxf6 
gxf6 8. Bb5 Ne7 9. Nxe5 h5 10. Qf3 fxe5 0-1

[Event "CCLA Fall Server Series, S91134"]
[Site "CCLA"]
[Date "2019.11.23"]
[Round "?"]
[White "Berger, Byron"]
[Black "Graupera, Carlos"]
[Result "0-1"]
[WhiteElo "1328"]
[BlackElo "1411"]

1. Nc3 c5 2. Nf3 d5 3. d4 cxd4 4. Qxd4 Nf6 5. Bg5 Nc6 6. Qd2 e6 7. O-O-O 
Be7 8. Nd4 O-O 9. f3 e5 10. Nxc6 bxc6 11. e4 Be6 12. Bxf6 Bxf6 13. exd5 
cxd5 14. Nxd5 Bg5 15. Ne3 Qxd2+ 16. Kxd2 Rad8+ 17. Ke2 Rxd1 18. Nxd1 Bxa2 
19. b3 Bb1 20. Kd3 Rd8+ 21. Ke2 Bxc2 0-1

[Event "CCLA Fall Server Series, S91134"]
[Site "CCLA"]
[Date "2019.11.23"]
[Round "?"]
[White "Berger, Byron"]
[Black "Williams, Rufus H."]
[Result "0-1"]
[WhiteElo "1328"]
[BlackElo "1298"]

1. Nc3 d5 2. e4 d4 3. Nce2 Nc6 4. Ng3 e5 5. Bc4 Nf6 6. d3 Be7 7. f4 O-O 8.
 Nf3 Be6 9. Bxe6 fxe6 10. fxe5 Ng4 11. h3 Ngxe5 12. Nxe5 Nxe5 13. Rf1 
Rxf1+ 14. Kxf1 Qf8+ 15. Kg1 Bh4 16. Kh2 Qf2 17. Nh5 Rf8 18. Bd2 Nf3+ 0-1

[Event "CCLA Fall Server Series, S91134"]
[Site "CCLA"]
[Date "2019.11.23"]
[Round "?"]
[White "Williams, Rufus H."]
[Black "Gunning, Edward E."]
[Result "0-1"]
[WhiteElo "1298"]
[BlackElo "1536"]

1. e4 e5 2. Nf3 Nc6 3. Bb5 Nge7 4. c3 a6 5. Ba4 b5 6. Bc2 d5 7. d4 Ng6 8. 
O-O exd4 9. cxd4 Be7 10. Re1 Bb7 11. a3 O-O 12. Nc3 Na5 13. e5 f5 14. g3 
c6 15. Kg2 Bc8 16. e6 h6 17. Ne5 Nxe5 18. Rxe5 Bd6 19. Re1 Rf6 20. Qh5 
Bxe6 21. Bd2 Qe8 22. Qxe8+ Rxe8 23. b4 Nc4 24. Bc1 f4 25. gxf4 Bxf4 26. 
Bxf4 Rxf4 27. Ne2 Rg4+ 28. Kh1 Rf8 29. Rg1 Rxf2 30. Rxg4 Bxg4 31. Bd3 Bxe2
32. Bxe2 Rxe2 0-1

[Event "CCLA Fall Server Series, S91134"]
[Site "CCLA"]
[Date "2019.11.23"]
[Round "?"]
[White "Williams, Rufus H."]
[Black "Graupera, Carlos"]
[Result "0-1"]
[WhiteElo "1298"]
[BlackElo "1411"]

1. e4 c5 2. Nf3 e6 3. c3 d5 4. e5 Nc6 5. d4 Qb6 6. b3 Nge7 7. Be3 Nf5 8. 
Qd2 cxd4 9. cxd4 Be7 10. Be2 Bd7 11. Bg5 O-O 12. Bxe7 Nfxe7 13. O-O Nf5 
14. Nc3 Nfxd4 15. Nxd4 Nxd4 16. Bd3 Bb5 17. Bxb5 Nxb5 18. Na4 Qc7 19. f4 
Rac8 20. b4 Qc2 21. Qxc2 Rxc2 22. Rfd1 Rfc8 23. Nc5 b6 24. Nb3 Re2 25. 
Rdc1 Rec2 26. Rxc2 Rxc2 27. Kf1 Nc3 28. Nd4 Rxa2 29. Rxa2 Nxa2 30. b5 Nc3 
31. Ke1 Kf8 32. g3 Ke8 33. h3 Kd7 34. h4 Kc7 35. h5 h6 36. Kd2 Ne4+ 37. 
Ke3 Nxg3 38. Nc6 Nxh5 39. Nxa7 f6 40. Nc6 g5 41. exf6 Nxf6 42. fxg5 hxg5 
43. Nd4 Kd6 44. Kf3 e5 45. Nf5+ Kc5 0-1